[Event "I Festival A"]
[Site "Gubbio ITA"]
[Date "1999.07.29"]
[Round "4"]
[White "Gaggiottini, Manfredo"]
[Black "Giuriato, Sergio"]
[Result "1-0"]
[WhiteElo "2083"]
[BlackElo "1782"]
[PlyCount "89"]
[EventDate "1999.07.28"]

1.e4 Nc6 2.Nf3 d6 3.d4 Bg4 4.d5 Ne5 5.Nxe5 Bxd1 6.Bb5+ c6 7.dxc6 Qa5+ 8.
Nc3 O-O-O 9.Nc4 Qxc3+ 10.bxc3 Bxc2 11.Be3 Bxe4 12.cxb7+ Bxb7 13.Bxa7 d5 
14.Ne5 Nh6 15.O-O f6 16.Nd3 e5 17.a4 Bd6 18.a5 Bb8 19.Bc5 e4 20.Nb4 Nf5 
21.a6 Ba8 22.Rfd1 Bd6 23.Bb6 Bc7 24.Ba7 Ne7 25.Be3 Rhf8 26.h3 h6 27.g4 g5 
28.a7 f5 29.c4 Be5 30.Bc5 Bd6 31.Bxd6 Rxd6 32.cxd5 fxg4 33.hxg4 Rf4 34.Nc6
Rxg4+ 35.Kf1 Nf5 36.Rac1 Ne3+ 37.fxe3 Rf6+ 38.Ke1 Rg1+ 39.Kd2 Rg2+ 40.Kc3 
Rf3 41.Ne5 Rff2 42.Kd4+ Rc2 43.Ba4 Rxc1 44.Rxc1+ Kb7 45.Bc6+ 1-0

[Event "I Festival A"]
[Site "Gubbio ITA"]
[Date "1999.07.29"]
[Round "4"]
[White "Mogranzini, Roberto"]
[Black "Solaroli, Riccardo"]
[Result "1-0"]
[WhiteElo "1909"]
[BlackElo "1789"]
[PlyCount "79"]
[EventDate "1999.07.28"]

1.e4 Nf6 2.e5 Nd5 3.Nf3 d6 4.Bc4 Nb6 5.Bb3 Nc6 6.exd6 exd6 7.O-O Be7 8.c3 
Bf5 9.d4 O-O 10.a4 a5 11.Na3 Bf6 12.Nc2 Bg6 13.Ne3 Re8 14.Ne1 Ne7 15.Nd3 
Nf5 16.Nf4 Nxe3 17.Bxe3 Be4 18.Re1 Bg5 19.Qg4 Bxf4 20.Bxf4 Bg6 21.h4 Qd7 
22.Qf3 d5 23.h5 Be4 24.Qg3 Rac8 25.Be5 g6 26.f3 Bf5 27.Qg5 Qe7 28.Bf6 Qf8 
29.h6 c6 30.Be7 f6 31.Bxf6 Nd7 32.Be7 Qf7 33.Re3 Be6 34.Bd6 Qf5 35.Qxf5 
Bxf5 36.Rae1 Nf6 37.Re7 Bd7 38.Rg7+ Kh8 39.Rxe8+ Rxe8 40.Be5 1-0

[Event "I Festival A"]
[Site "Gubbio ITA"]
[Date "1999.07.30"]
[Round "5"]
[White "Bonghi, Alessandro"]
[Black "Griffa, Roberto"]
[Result "1/2-1/2"]
[WhiteElo "1761"]
[BlackElo "2053"]
[PlyCount "79"]
[EventDate "1999.07.28"]

1.Nf3 d5 2.d4 e6 3.Bf4 c5 4.c3 Nf6 5.e3 Nc6 6.Nbd2 Be7 7.Bd3 a6 8.O-O Nh5 
9.Be5 f5 10.dxc5 Bxc5 11.Bd4 Bd6 12.c4 Nf6 13.cxd5 exd5 14.Bc3 O-O 15.Nd4 
Ne4 16.Nxc6 bxc6 17.Rc1 Qh4 18.Nf3 Qh5 19.Be5 Qe8 20.Bxd6 Nxd6 21.Nd4 Bb7 
22.Nb3 Ne4 23.Nc5 Nxc5 24.Rxc5 Rf6 25.Qb3 Rb8 26.Rfc1 Rh6 27.Qc3 Qh5 28.
Qe5 Rf8 29.h3 Qg5 30.Qg3 Qxg3 31.fxg3 Re6 32.Kf2 g6 33.R1c3 Rd8 34.Bf1 Re4
35.Rb3 Re7 36.Ra5 d4 37.Bxa6 dxe3+ 38.Ke2 Re5 39.Raa3 Bxa6+ 40.Rxa6 
1/2-1/2

[Event "I Festival A"]
[Site "Gubbio ITA"]
[Date "1999.07.30"]
[Round "5"]
[White "Campini, Marco"]
[Black "Luciani, Valerio"]
[Result "1/2-1/2"]
[WhiteElo "2175"]
[BlackElo "2229"]
[PlyCount "90"]
[EventDate "1999.07.28"]

1.e4 e6 2.d4 d5 3.e5 c5 4.c3 Nc6 5.Nf3 Bd7 6.Be2 cxd4 7.cxd4 Nge7 8.Be3 
Ng6 9.h4 Be7 10.h5 Nh4 11.Nxh4 Bxh4 12.Qd2 Be7 13.h6 g6 14.O-O O-O 15.Nc3 
Rc8 16.Rac1 Na5 17.Rc2 f6 18.f4 fxe5 19.fxe5 Rxf1+ 20.Bxf1 Nc4 21.Bxc4 
Rxc4 22.b3 Rc8 23.Nd1 Bb5 24.Nf2 Rxc2 25.Qxc2 Qf8 26.a4 Bc6 27.Qd1 Qf5 28.
g4 Qf8 29.Kg2 g5 30.Qh1 Be8 31.Qc1 Qxh6 32.Qc8 Qg6 33.Qxb7 Kf8 34.Qxa7 h5 
35.Qa6 hxg4 36.Qe2 Qb1 37.Qxg4 Qxb3 38.Bxg5 Bxg5 39.Qxg5 Qxa4 40.Qf4+ Bf7 
41.Kg3 Qa1 42.Nh3 Qe1+ 43.Qf2 Qc3+ 44.Kg4 Ke8 45.Ng5 Bg8 1/2-1/2

[Event "I Festival A"]
[Site "Gubbio ITA"]
[Date "1999.07.30"]
[Round "5"]
[White "Ferretti, Folco"]
[Black "Guanciale, Orazio"]
[Result "1-0"]
[WhiteElo "2279"]
[BlackElo "1825"]
[PlyCount "68"]
[EventDate "1999.07.28"]

1.e4 e6 2.d4 d5 3.Nd2 Nf6 4.e5 Nfd7 5.c3 c5 6.Bd3 Nc6 7.Ne2 cxd4 8.cxd4 f6
9.exf6 Nxf6 10.Nf3 Bd6 11.O-O Qb6 12.b3 O-O 13.Bb2 Bd7 14.Ng3 Bf4 15.Re1 
Kh8 16.Ba3 Nb4 17.Bf1 Ng4 18.Nh5 Bd6 19.h3 Nh6 20.Ne5 Be8 21.Ng3 Nf5 22.
Nxf5 Rxf5 23.Bb2 Rc8 24.a3 Rc2 25.Nd3 Rxb2 26.Nxb2 Nc6 27.Rxe6 Qd8 28.Qg4 
Bg6 29.Nd3 Qf8 30.Rae1 Bxa3 31.g3 Bh5 32.Qh4 Bf7 33.Ne5 Nxe5 34.R6xe5 Rf6 
1-0

[Event "I Festival A"]
[Site "Gubbio ITA"]
[Date "1999.07.30"]
[Round "5"]
[White "Naumkin, Igor"]
[Black "Sabia, Corrado"]
[Result "1-0"]
[WhiteElo "2489"]
[BlackElo "2198"]
[PlyCount "105"]
[EventDate "1999.07.28"]

1.d4 d5 2.c4 c6 3.Nc3 dxc4 4.e3 b5 5.a4 b4 6.Ne4 e5 7.Bxc4 Ba6 8.Bxa6 Nxa6
9.Nf3 Qd5 10.Qd3 exd4 11.Qxa6 Qxe4 12.O-O d3 13.Rd1 Bc5 14.Ng5 Qg6 15.Nxf7
Kxf7 16.Qc4+ Qe6 17.Qxc5 Nf6 18.Qxb4 Rhd8 19.Ra3 Rab8 20.Qa5 Qe4 21.f3 Qc4
22.Rc3 Qa2 23.Rcxd3 Rxd3 24.Rxd3 Rxb2 25.Bxb2 Qb1+ 26.Kf2 Qxd3 27.Qxa7+ 
Kg6 28.Qd4 Qc2+ 29.Kg3 c5 30.Qe5 Qxa4 31.Qxc5 Nh5+ 32.Kf2 Qh4+ 33.Kf1 Qxh2
34.Qc6+ Nf6 35.Qc2+ Kf7 36.Qf5 Qh1+ 37.Kf2 Qh4+ 38.Ke2 Qc4+ 39.Qd3 Qa2 40.
Qc3 Qa6+ 41.Kf2 Qe6 42.e4 h6 43.Qc7+ Kg6 44.Qe5 Qxe5 45.Bxe5 Nd7 46.Bd4 
Kf7 47.f4 h5 48.Kg3 Nf8 49.f5 Nh7 50.Kh4 g6 51.Bb2 Nf8 52.Kg5 gxf5 53.exf5
1-0

[Event "I Festival A"]
[Site "Gubbio ITA"]
[Date "1999.07.30"]
[Round "5"]
[White "Tomba, Ivan"]
[Black "Balducci, Alessandro"]
[Result "1/2-1/2"]
[WhiteElo "2010"]
[BlackElo "1782"]
[PlyCount "52"]
[EventDate "1999.07.28"]

1.e4 c5 2.Nf3 d6 3.d4 cxd4 4.Nxd4 Nf6 5.Nc3 a6 6.Bc4 e6 7.Bb3 Be7 8.O-O 
O-O 9.f4 Qc7 10.Be3 Nc6 11.f5 Nxd4 12.Bxd4 e5 13.Be3 b5 14.a3 Bb7 15.Qf3 
Rac8 16.g4 d5 17.Bxd5 Nxd5 18.exd5 Rfd8 19.Rad1 b4 20.axb4 Bxb4 21.Rd3 Qa5
22.f6 Bxc3 23.Rxc3 Rxc3 24.bxc3 Qxd5 25.Qxd5 Rxd5 26.c4 Rd7 1/2-1/2

[Event "I Festival A"]
[Site "Gubbio ITA"]
[Date "1999.07.30"]
[Round "5"]
[White "Viaggi, Stefano"]
[Black "Mogranzini, Roberto"]
[Result "0-1"]
[WhiteElo "1716"]
[BlackElo "1909"]
[PlyCount "76"]
[EventDate "1999.07.28"]

1.d4 c5 2.e4 cxd4 3.c3 Nf6 4.e5 Nd5 5.cxd4 d6 6.Nf3 Nc6 7.exd6 Qxd6 8.Nc3 
e6 9.Bd3 Nxc3 10.bxc3 Be7 11.Qe2 b6 12.O-O Bb7 13.a4 Qd7 14.Re1 O-O 15.Qe4
g6 16.Qg4 Bf6 17.Bh6 Rfe8 18.Rad1 Ne7 19.Bb5 Bc6 20.Ne5 Bxe5 21.dxe5 Qb7 
22.Bg5 a6 23.Bxc6 Qxc6 24.Rd3 h5 25.Qh4 Nf5 26.Qf4 Rac8 27.Re4 Rc7 28.g4 
hxg4 29.Bf6 Rd7 30.Rc4 Qb7 31.Rxd7 Qxd7 32.Rd4 Nxd4 33.cxd4 Qxa4 34.Qxg4 
Qc2 35.Qf3 Rc8 36.Kg2 Qc6 37.Kg3 Qxf3+ 38.Kxf3 a5 0-1

[Event "I Festival A"]
[Site "Gubbio ITA"]
[Date "1999.07.30"]
[Round "6"]
[White "Gaggiottini, Manfredo"]
[Black "Adinolfi, Vincenzo"]
[Result "0-1"]
[WhiteElo "2083"]
[BlackElo "2187"]
[PlyCount "46"]
[EventDate "1999.07.28"]

1.d4 d5 2.e4 dxe4 3.Nc3 Nf6 4.Bg5 Bf5 5.f3 Nbd7 6.g4 Bg6 7.f4 e6 8.Bg2 h6 
9.Bh4 Be7 10.Bg3 c6 11.Qe2 Qa5 12.Kf1 Qb4 13.g5 Qxb2 14.Qe1 Nd5 15.Nxd5 
cxd5 16.gxh6 gxh6 17.Ne2 Nb6 18.h4 Bh5 19.Rh2 Rg8 20.Bf2 Rc8 21.Rc1 Bxe2+ 
22.Kxe2 Rxc2+ 23.Kd1 Qxc1# 0-1

[Event "I Festival A"]
[Site "Gubbio ITA"]
[Date "1999.07.30"]
[Round "6"]
[White "Gorbatov, Alexej"]
[Black "Ferretti, Folco"]
[Result "1-0"]
[WhiteElo "2353"]
[BlackElo "2279"]
[PlyCount "97"]
[EventDate "1999.07.28"]

1.Nf3 Nf6 2.c4 e6 3.g3 d5 4.b3 Be7 5.Bb2 O-O 6.Bg2 c5 7.O-O Nc6 8.e3 b6 9.
Qe2 Bb7 10.Rd1 Qc7 11.Nc3 Rad8 12.Rac1 Qb8 13.cxd5 exd5 14.d4 cxd4 15.Nxd4
Nxd4 16.Rxd4 Bc5 17.Rf4 Rfe8 18.Na4 Be7 19.Rd1 Qc8 20.Nc3 Qe6 21.Ra4 a6 
22.Rad4 Ne4 23.Nxe4 dxe4 24.h4 Rxd4 25.Bxd4 Rd8 26.Kh2 Bf6 27.Bh3 Qd6 28.
Qg4 Bxd4 29.Rxd4 Qf6 30.Qf4 Qe7 31.Qe5 Kf8 32.Rxd8+ Qxd8 33.Bf5 Qd5 34.Qc7
g6 35.Bc8 Bxc8 36.Qxc8+ Kg7 37.Qxa6 b5 38.Kg2 h5 39.Qb6 Qf5 40.Qd4+ Kh7 
41.a4 bxa4 42.bxa4 f6 43.Qd1 Kg7 44.Qa1 g5 45.hxg5 Qxg5 46.Qa3 Qg4 47.Qe7+
Kg6 48.Qe8+ Kg7 49.Qe7+ 1-0

[Event "I Festival A"]
[Site "Gubbio ITA"]
[Date "1999.07.30"]
[Round "6"]
[White "Guanciale, Orazio"]
[Black "Rotelli, Pietro"]
[Result "0-1"]
[WhiteElo "1825"]
[BlackElo "1731"]
[PlyCount "70"]
[EventDate "1999.07.28"]

1.e4 c6 2.d4 d5 3.Nc3 dxe4 4.Nxe4 Bf5 5.Ng3 Bg6 6.Nf3 e6 7.Ne5 Ne7 8.h4 h6
9.Nxg6 Nxg6 10.h5 Ne7 11.c4 c5 12.Be3 cxd4 13.Bxd4 Nec6 14.Bc3 Qxd1+ 15.
Rxd1 Bb4 16.Bxb4 Nxb4 17.a3 Nc2+ 18.Kd2 Nd4 19.Kc3 e5 20.Bd3 Nbc6 21.Ne4 
O-O 22.b4 a6 23.c5 Rfc8 24.Nd6 Rc7 25.Bc4 Kf8 26.Nxf7 Rxf7 27.Bxf7 Kxf7 
28.Rhe1 a5 29.f4 axb4+ 30.axb4 Ra3+ 31.Kc4 Ra4 32.fxe5 Rxb4+ 33.Kd5 Ke7 
34.Rb1 Nc2 35.Rxb4 N6xb4+ 0-1

[Event "I Festival A"]
[Site "Gubbio ITA"]
[Date "1999.07.30"]
[Round "6"]
[White "Luciani, Valerio"]
[Black "Di Martino, Antonio"]
[Result "1-0"]
[WhiteElo "2229"]
[BlackElo "1734"]
[PlyCount "91"]
[EventDate "1999.07.28"]

1.e4 e6 2.d4 d5 3.Nc3 dxe4 4.Nxe4 Nd7 5.Nf3 Be7 6.Bd3 b6 7.Qe2 Ngf6 8.O-O 
O-O 9.Rd1 Bb7 10.Ng3 Qc8 11.Ne5 c5 12.c3 cxd4 13.cxd4 Bd5 14.Bf4 Qd8 15.
Qc2 Rc8 16.Qa4 a5 17.Ba6 Ra8 18.Bb5 Nxe5 19.dxe5 Ne8 20.Be3 Qc7 21.Bd4 Qb7
22.Be3 g6 23.Rxd5 exd5 24.Bc6 Qb8 25.Bxa8 Qxa8 26.Bxb6 Ng7 27.Qxa5 Qc6 28.
Be3 Ne6 29.Ne2 Rd8 30.Nd4 Qb7 31.Nxe6 fxe6 32.Bd4 Qc6 33.Qd2 Rc8 34.Be3 
Qa4 35.Bd4 Rc2 36.Qd1 Bg5 37.Qg4 Rd2 38.b4 h5 39.Qxe6+ Kg7 40.Rf1 Rxd4 41.
f4 Bxf4 42.Qf6+ Kh7 43.Qf7+ Kh6 44.Rxf4 Rd1+ 45.Rf1 Rd2 46.Qf4+ 1-0

[Event "I Festival A"]
[Site "Gubbio ITA"]
[Date "1999.07.30"]
[Round "6"]
[White "Mogranzini, Roberto"]
[Black "Garbarini, Cristiano"]
[Result "1-0"]
[WhiteElo "1909"]
[BlackElo "1747"]
[PlyCount "43"]
[EventDate "1999.07.28"]

1.e4 e5 2.Nf3 Nc6 3.Bb5 a6 4.Ba4 Nf6 5.Qe2 b5 6.Bb3 Be7 7.O-O d6 8.c3 O-O 
9.Re1 Na5 10.Bc2 c5 11.d4 exd4 12.cxd4 Qc7 13.h3 Bb7 14.Bf4 Qc6 15.d5 Qb6 
16.Nbd2 Rfe8 17.Be3 Qc7 18.Rac1 Bc8 19.b4 cxb4 20.e5 Ne4 21.Nxe4 Nc4 22.
Qd3 1-0

[Event "I Festival A"]
[Site "Gubbio ITA"]
[Date "1999.07.30"]
[Round "6"]
[White "Quimi, Marco"]
[Black "De Bortoli, Peter"]
[Result "0-1"]
[WhiteElo "2216"]
[BlackElo "2225"]
[PlyCount "64"]
[EventDate "1999.07.28"]

1.e4 c5 2.Nc3 Nc6 3.f4 g6 4.Nf3 Bg7 5.Bc4 e6 6.O-O Nge7 7.Qe1 O-O 8.d3 Nd4
9.Nxd4 cxd4 10.Ne2 d5 11.Bb3 dxe4 12.dxe4 b5 13.Ng3 Kh8 14.Bd2 Re8 15.a4 
Bb7 16.e5 Nf5 17.Ne4 Bc6 18.Rf3 Kg8 19.axb5 Bxb5 20.Ba4 Bxa4 21.Rxa4 Qc7 
22.c4 dxc3 23.Bxc3 Qb6+ 24.Qf2 Qc6 25.Qc2 Red8 26.Qb3 Rab8 27.Rb4 Rxb4 28.
Qxb4 a5 29.Rd3 axb4 30.Rxd8+ Bf8 31.Nf6+ Kg7 32.Ne8+ Kh6 0-1

[Event "I Festival A"]
[Site "Gubbio ITA"]
[Date "1999.07.30"]
[Round "6"]
[White "Sabia, Corrado"]
[Black "Brancaleoni, Maurizio"]
[Result "1-0"]
[WhiteElo "2198"]
[BlackElo "2197"]
[PlyCount "87"]
[EventDate "1999.07.28"]

1.e4 d5 2.exd5 Qxd5 3.Nc3 Qd6 4.d4 Nf6 5.Bc4 Bg4 6.Nf3 Nc6 7.h3 Bh5 8.g4 
Bg6 9.Qe2 e6 10.Nb5 Qd8 11.Bf4 Bb4+ 12.c3 Ba5 13.d5 Nxd5 14.Bg5 Qd7 15.
O-O-O O-O 16.h4 f6 17.Be3 Rfd8 18.h5 Be4 19.Bc5 Bxf3 20.Qxf3 Ne5 21.Qe4 a6
22.Na3 Qc6 23.Bxd5 exd5 24.Qf4 b6 25.Be7 Rd7 26.b4 Rxe7 27.bxa5 Rd8 28.Rh3
Qe6 29.Re3 c5 30.Qf5 b5 31.Nc2 Rc8 32.Kb1 h6 33.Qf3 Qf7 34.Qg2 b4 35.f4 
Nc6 36.Qxd5 bxc3 37.Rxc3 Rb8+ 38.Kc1 Qxd5 39.Rxd5 Nb4 40.Nxb4 cxb4 41.Rc6 
Re2 42.Rd2 Rxd2 43.Kxd2 Rd8+ 44.Kc2 1-0

[Event "II Festival Riviera delle Palme A"]
[Site "San Benedetto del Tronto ITA"]
[Date "1999.07.??"]
[Round "1"]
[White "Bertacco, Piero"]
[Black "Papadatos, Ioannis"]
[Result "0-1"]
[WhiteElo "1792"]
[BlackElo "2181"]
[PlyCount "80"]
[EventDate "1999.07.11"]

1. d4 Nc6 2. Nf3 d5 3. Bf4 Bg4 4. c3 e6 5. Qa4 Qd7 6. Nbd2 Bd6 7. Bxd6 cxd6 8.
e3 Nf6 9. Bd3 O-O 10. h3 Bh5 11. O-O a6 12. Qc2 Rfc8 13. a3 b5 14. Qb1 Rab8 15.
Ng5 Bg6 16. Bxg6 hxg6 17. e4 a5 18. exd5 exd5 19. Qd3 Qf5 20. Qxf5 gxf5 21.
Rfe1 Ne4 22. Ngxe4 fxe4 23. Nf1 f5 24. Ne3 Ne7 25. g3 g5 26. Kg2 Kf7 27. Rac1
f4 28. gxf4 gxf4 29. Ng4 Nf5 30. Rh1 Rh8 31. Kf1 b4 32. axb4 axb4 33. Ra1 bxc3
34. bxc3 Rb2 35. Ke1 Rc2 36. Kd1 Rxc3 37. Ra7+ Ke6 38. Kd2 Rd3+ 39. Kc2 Nxd4+
40. Kb2 Rb8+ 0-1

[Event "II Festival Riviera delle Palme A"]
[Site "San Benedetto del Tronto ITA"]
[Date "1999.07.??"]
[Round "1"]
[White "Chatalbashev, Boris"]
[Black "Palmiotto, Fiorentino"]
[Result "1-0"]
[WhiteElo "2524"]
[BlackElo "2161"]
[PlyCount "59"]
[EventDate "1999.07.11"]

1. d4 d5 2. c4 e6 3. Nc3 Nf6 4. cxd5 exd5 5. Bg5 Be7 6. e3 O-O 7. Bd3 c6 8. Qc2
h6 9. Bf4 Bd6 10. Nge2 Re8 11. O-O-O b5 12. Rhg1 Na6 13. g4 Nb4 14. Qd2 Nxd3+
15. Qxd3 Bxf4 16. Nxf4 Bxg4 17. Rdf1 Qa5 18. f3 Bc8 19. Kb1 b4 20. Nce2 c5 21.
dxc5 Qxc5 22. Nd4 Qc4 23. Qd2 Bd7 24. Rc1 Qa6 25. Qg2 g5 26. h4 Re5 27. hxg5
hxg5 28. Qh2 Rae8 29. Qh6 Qb6 30. Rh1 1-0

[Event "II Festival Riviera delle Palme A"]
[Site "San Benedetto del Tronto ITA"]
[Date "1999.07.??"]
[Round "1"]
[White "Facchetti, Gianni"]
[Black "Mrdja, Milan"]
[Result "0-1"]
[WhiteElo "2130"]
[BlackElo "2425"]
[PlyCount "114"]
[EventDate "1999.07.11"]

1. e4 Nf6 2. d3 c5 3. Nd2 Nc6 4. Ngf3 d5 5. Be2 g6 6. c3 Bg7 7. a4 e5 8. Qc2
O-O 9. Nf1 h6 10. Ng3 Be6 11. h4 Re8 12. h5 g5 13. Nh2 Qd7 14. Nhf1 d4 15. Bd2
Kh7 16. c4 Ng8 17. Qd1 Nge7 18. Nh2 b6 19. Bg4 f5 20. exf5 Nxf5 21. Ne4 Rf8 22.
Qe2 Bf6 23. Qf3 Be7 24. Qh3 Rae8 25. O-O Bd8 26. b3 Kh8 27. a5 Nd6 28. Bxe6
Rxe6 29. Nxd6 Qxd6 30. axb6 Bxb6 31. f3 Re7 32. Ng4 a5 33. Rfe1 Rfe8 34. Reb1
Qe6 35. Nf2 Qxh3 36. Nxh3 e4 37. fxe4 Ne5 38. Nf2 Ra7 39. Be1 g4 40. Rd1 Bd8
41. Ra3 Rb7 42. Bxa5 Bg5 43. Kf1 Be3 44. g3 Rf8 45. Be1 Rbf7 46. Ra2 Nf3 47.
Nxg4 Nxe1+ 48. Kxe1 Rf1+ 49. Ke2 R8f2+ 50. Nxf2 Rxf2+ 51. Ke1 Rxa2 52. g4 Kg7
53. Rb1 Kf6 54. b4 cxb4 55. c5 Rh2 56. Rb3 Kg5 57. Kf1 Kxg4 0-1

[Event "II Festival Riviera delle Palme A"]
[Site "San Benedetto del Tronto ITA"]
[Date "1999.07.??"]
[Round "1"]
[White "Luchsinger, Eric"]
[Black "Voltolini, Giuseppe"]
[Result "0-1"]
[WhiteElo "2200"]
[BlackElo "2260"]
[PlyCount "82"]
[EventDate "1999.07.11"]

1. d4 f5 2. Nc3 Nf6 3. Bg5 e6 4. e4 fxe4 5. Nxe4 Be7 6. Bxf6 Bxf6 7. Nf3 Nc6 8.
c3 b6 9. Bd3 Bb7 10. h4 Qe7 11. Qe2 O-O-O 12. Ba6 Rhe8 13. O-O-O d5 14. Nc5 Na5
15. Nxb7 Nxb7 16. Rde1 Kb8 17. Bb5 Nd6 18. Bc6 Nc4 19. Nd2 Na5 20. Bxe8 Rxe8
21. g3 Qd7 22. f4 Re7 23. Qd3 h6 24. h5 Ka8 25. Re3 c5 26. dxc5 bxc5 27. Qa6
Nc6 28. Nf3 Re8 29. Kb1 Rb8 30. Ne5 Bxe5 31. fxe5 d4 32. Rhe1 Qd5 33. cxd4 Nb4
34. Qa5 Qc4 35. Rc3 Qxc3 36. bxc3 Nc6+ 37. Kc2 Nxa5 38. Rf1 Nc6 39. Rf7 cxd4
40. Rd7 dxc3 41. Kxc3 Nxe5 0-1

[Event "II Festival Riviera delle Palme A"]
[Site "San Benedetto del Tronto ITA"]
[Date "1999.07.??"]
[Round "1"]
[White "Luciani, Valerio"]
[Black "Metrangolo, Antonio"]
[Result "1-0"]
[WhiteElo "2229"]
[BlackElo "1954"]
[PlyCount "73"]
[EventDate "1999.07.11"]

1. c4 g6 2. Nc3 Bg7 3. g3 d6 4. Bg2 e5 5. d3 f5 6. e3 Nf6 7. Nge2 O-O 8. O-O
Nc6 9. Rb1 Be6 10. Nd5 Qd7 11. b4 Rab8 12. Bd2 Nd8 13. b5 Bf7 14. Qc2 Ne6 15.
Rb4 Nc5 16. Rfb1 Be6 17. Nec3 Qf7 18. Be1 Nh5 19. f4 Rbe8 20. Na4 e4 21. Nxc5
dxc5 22. Ra4 Bxd5 23. cxd5 Nf6 24. dxe4 Nxe4 25. Bxe4 Rxe4 26. Rxe4 fxe4 27.
Qxc5 Rd8 28. Rd1 Qd7 29. Qc4 Kh8 30. Bc3 Qg4 31. Bxg7+ Kxg7 32. Qxc7+ Kh6 33.
Qxd8 Qxd1+ 34. Kg2 Qf3+ 35. Kh3 Qxe3 36. Qf8+ Kh5 37. Qg7 1-0

[Event "II Festival Riviera delle Palme A"]
[Site "San Benedetto del Tronto ITA"]
[Date "1999.07.??"]
[Round "1"]
[White "Safranska, Anda"]
[Black "Tribuiani, Renato"]
[Result "1-0"]
[WhiteElo "2267"]
[BlackElo "2128"]
[PlyCount "77"]
[EventDate "1999.07.11"]

1. e4 e6 2. d4 c5 3. Nf3 cxd4 4. Nxd4 a6 5. g3 Ne7 6. Bg2 Nbc6 7. c3 Ng6 8. O-O
Qb6 9. a4 Be7 10. Na3 Qc7 11. Qe2 O-O 12. Nc4 d6 13. a5 Bd7 14. Nb6 Nxd4 15.
cxd4 Bb5 16. Nxa8 Rxa8 17. Qf3 Bxf1 18. Bxf1 Rc8 19. Bd2 Qd7 20. h4 Bf6 21. Bc3
Bd8 22. h5 Ne7 23. Bh3 d5 24. e5 h6 25. Bf1 Nc6 26. Bd3 Qe7 27. Bb1 Kf8 28. Kg2
f5 29. Bxf5 Ke8 30. Bg4 Qf7 31. Qd3 Be7 32. f4 Rc7 33. Rf1 Bb4 34. f5 Bxc3 35.
bxc3 exf5 36. Bxf5 Kd8 37. Bg4 Qg8 38. Qg6 Nxa5 39. Qd6+ 1-0

[Event "II Festival Riviera delle Palme A"]
[Site "San Benedetto del Tronto ITA"]
[Date "1999.07.??"]
[Round "1"]
[White "Suppa, Ercole"]
[Black "Lazarev, Vladimir"]
[Result "0-1"]
[WhiteElo "2140"]
[BlackElo "2501"]
[PlyCount "126"]
[EventDate "1999.07.11"]

1. d4 Nf6 2. Nf3 c5 3. e3 g6 4. Be2 Bg7 5. O-O O-O 6. Nbd2 cxd4 7. exd4 Nc6 8.
c3 d6 9. Nc4 Nd5 10. Re1 e5 11. dxe5 dxe5 12. Ne3 Nf4 13. Bc4 Na5 14. Bf1 Qc7
15. Nd5 Nxd5 16. Qxd5 Be6 17. Qb5 a6 18. Qa4 Nc4 19. Qc2 Rfd8 20. Qe4 Bd5 21.
Qh4 f6 22. Bxc4 Qxc4 23. Be3 Rac8 24. Qxc4 Bxc4 25. Nd2 Bd5 26. Nb3 Kf7 27.
Rad1 Bc4 28. f3 Bf8 29. Bb6 Rd6 30. Rxd6 Bxd6 31. Rd1 Ke6 32. Bf2 Bd5 33. h4
Rc4 34. Nd2 Rc7 35. a3 f5 36. Kf1 Bc6 37. Ke1 Bb5 38. Bb6 Rc6 39. Bf2 h6 40.
Nb3 g5 41. hxg5 hxg5 42. Nd2 Rc7 43. Bb6 Rc6 44. Bf2 Be7 45. Be3 Kf7 46. Bf2
Rc8 47. Bb6 Bd3 48. Nf1 e4 49. Ng3 Ke6 50. fxe4 fxe4 51. Kd2 Bd6 52. Ne2 Rh8
53. Ke3 Rh2 54. Rg1 Kd5 55. Bd4 Kc4 56. Bf6 Bxe2 57. Kxe2 Bc5 58. b3+ Kxb3 59.
Bd4 Bxa3 60. Ke3 Bb2 61. Kxe4 a5 62. g4 a4 63. Rg3 a3 0-1

[Event "II Festival Riviera delle Palme A"]
[Site "San Benedetto del Tronto ITA"]
[Date "1999.07.??"]
[Round "1"]
[White "Zaja, Ivan"]
[Black "Sbraccia, Giovanni"]
[Result "1-0"]
[WhiteElo "2446"]
[BlackElo "2134"]
[PlyCount "71"]
[EventDate "1999.07.11"]

1. d4 Nf6 2. c4 c5 3. e3 g6 4. Nc3 Bg7 5. Nf3 O-O 6. d5 d6 7. Be2 Na6 8. O-O
Rb8 9. e4 Nc7 10. a4 b6 11. h3 a6 12. Bf4 Bd7 13. e5 Nfe8 14. Qd2 b5 15. axb5
axb5 16. b3 bxc4 17. bxc4 Rb6 18. Ne4 Bf5 19. Ng3 e6 20. Nxf5 gxf5 21. Rad1
exd5 22. cxd5 dxe5 23. Nxe5 Nd6 24. Qa5 Rb2 25. Nc6 Qd7 26. Qxc5 Ne4 27. Ne7+
Kh8 28. Qxc7 Qxc7 29. Bxc7 Rxe2 30. Nxf5 Bc3 31. d6 Be5 32. Rfe1 Nc3 33. Ba5
Ra2 34. Rxe5 Rxa5 35. Rxa5 Nxd1 36. d7 1-0

[Event "II Festival Riviera delle Palme A"]
[Site "San Benedetto del Tronto ITA"]
[Date "1999.07.??"]
[Round "2"]
[White "Lazarev, Vladimir"]
[Black "Safranska, Anda"]
[Result "1-0"]
[WhiteElo "2501"]
[BlackElo "2267"]
[PlyCount "39"]
[EventDate "1999.07.11"]

1. d4 Nf6 2. c4 g6 3. Nc3 Bg7 4. e4 d6 5. Nf3 O-O 6. Be2 e5 7. Be3 exd4 8. Nxd4
Re8 9. f3 Nc6 10. Nc2 Nd7 11. Qd2 Nde5 12. h4 a5 13. h5 Be6 14. Nd5 Qd7 15.
hxg6 hxg6 16. Bh6 Bh8 17. Bg5 Bxd5 18. Rxh8+ Kxh8 19. Bf6+ Kh7 20. O-O-O 1-0

[Event "II Festival Riviera delle Palme A"]
[Site "San Benedetto del Tronto ITA"]
[Date "1999.07.??"]
[Round "2"]
[White "Metrangolo, Antonio"]
[Black "Facchetti, Gianni"]
[Result "1-0"]
[WhiteElo "1954"]
[BlackElo "2130"]
[PlyCount "97"]
[EventDate "1999.07.11"]

1. g3 d6 2. Bg2 Nf6 3. d3 e5 4. c4 Nbd7 5. Nc3 c6 6. Nf3 Be7 7. O-O a5 8. Rb1
Qc7 9. Bg5 Nf8 10. a3 Ng6 11. b4 axb4 12. axb4 h6 13. Bxf6 Bxf6 14. Qb3 O-O 15.
Nd2 Be6 16. b5 Rac8 17. Ra1 Qd7 18. Ra7 Rc7 19. Qa4 d5 20. b6 Rcc8 21. cxd5
cxd5 22. Qxd7 Bxd7 23. Nxd5 Bd8 24. Nc4 Bc6 25. Nd6 Rb8 26. Nc7 Ne7 27. Bxc6
bxc6 28. Rb1 Nd5 29. Nxd5 cxd5 30. b7 Bc7 31. Nc8 Kh7 32. Ne7 d4 33. Nd5 Bd6
34. Rb5 Rbd8 35. Nb6 Rfe8 36. Nc8 Rxc8 37. bxc8=Q Rxc8 38. Rxf7 Re8 39. Rbb7
Bf8 40. h4 h5 41. Kg2 Kg6 42. Kf3 Ra8 43. Ke4 Re8 44. Rf5 Ra8 45. Rb6+ Kh7 46.
Rxh5+ Kg8 47. Rxe5 Rd8 48. g4 Rd7 49. Rb8 1-0

[Event "II Festival Riviera delle Palme A"]
[Site "San Benedetto del Tronto ITA"]
[Date "1999.07.??"]
[Round "2"]
[White "Mrdja, Milan"]
[Black "Luciani, Valerio"]
[Result "1-0"]
[WhiteElo "2425"]
[BlackElo "2229"]
[PlyCount "39"]
[EventDate "1999.07.11"]

1. e4 e6 2. d4 d5 3. Nc3 Bb4 4. e5 c5 5. a3 Bxc3+ 6. bxc3 Ne7 7. a4 Nbc6 8. Nf3
Qa5 9. Bd2 Bd7 10. Bb5 Qc7 11. O-O f6 12. Re1 Ng6 13. exf6 gxf6 14. c4 Nxd4 15.
Nxd4 cxd4 16. Qg4 O-O-O 17. Qxd4 a6 18. Bxd7+ Qxd7 19. Ba5 Rde8 20. Qa7 1-0

[Event "II Festival Riviera delle Palme A"]
[Site "San Benedetto del Tronto ITA"]
[Date "1999.07.??"]
[Round "2"]
[White "Palmiotto, Fiorentino"]
[Black "Luchsinger, Eric"]
[Result "0-1"]
[WhiteElo "2161"]
[BlackElo "2200"]
[PlyCount "84"]
[EventDate "1999.07.11"]

1. e4 e5 2. Nf3 Nf6 3. Nc3 Nc6 4. Bc4 Nxe4 5. Bxf7+ Kxf7 6. Nxe4 d5 7. Neg5+
Kg8 8. d4 h6 9. Nh3 Bxh3 10. gxh3 exd4 11. O-O Qf6 12. c3 Bd6 13. cxd4 Rf8 14.
Ne5 Nxe5 15. dxe5 Qxe5 16. f4 Qe4 17. Qf3 Bc5+ 18. Kh1 Qxf3+ 19. Rxf3 Re8 20.
Bd2 Kf7 21. Rc1 Bb6 22. Rd3 c6 23. Bc3 Bc7 24. Rg1 Rhg8 25. h4 g6 26. Rf3 Re2
27. h5 c5 28. Be5 Bb6 29. hxg6+ Rxg6 30. Rfg3 Rxg3 31. Rxg3 d4 32. Rg2 Re1+ 33.
Rg1 Rxg1+ 34. Kxg1 Ke6 35. Kf2 c4 36. Kf3 Kf5 37. h3 Bc5 38. Bg7 h5 39. Be5 b5
40. a3 a5 41. Bc7 b4 42. a4 b3 0-1

[Event "II Festival Riviera delle Palme A"]
[Site "San Benedetto del Tronto ITA"]
[Date "1999.07.??"]
[Round "2"]
[White "Papadatos, Ioannis"]
[Black "Zaja, Ivan"]
[Result "0-1"]
[WhiteElo "2181"]
[BlackElo "2446"]
[PlyCount "94"]
[EventDate "1999.07.11"]

1. d4 e6 2. Nf3 c5 3. e4 cxd4 4. Nxd4 Bc5 5. Nb3 Bb6 6. Bd3 Ne7 7. c4 Nbc6 8.
Nc3 d6 9. O-O O-O 10. Qe2 Ne5 11. Be3 Bd7 12. Nd4 N7g6 13. f4 Nxd3 14. Qxd3 e5
15. Nde2 exf4 16. Nxf4 Ne5 17. Qd2 Bg4 18. Qf2 Nxc4 19. Bxb6 Qxb6 20. h3 Be6
21. Qxb6 Nxb6 22. Rfd1 Rad8 23. Nb5 Nc8 24. Nc7 Bd7 25. Rd4 Bc6 26. Rad1 Rd7
27. Ncd5 Re8 28. b3 f6 29. R1d2 Kf7 30. Kf2 g5 31. Nh5 Bxd5 32. exd5 Re5 33. g4
Ne7 34. Ng3 f5 35. gxf5 Nxf5 36. Nxf5 Rxf5+ 37. Kg2 Rc7 38. Rc4 Rxc4 39. bxc4
Rf4 40. c5 dxc5 41. Re2 Rd4 42. Re5 c4 43. Rxg5 c3 44. Rf5+ Ke7 45. Rf3 Rc4 46.
Rf1 c2 47. Rc1 Kd6 0-1